| 000 | 00808nam a2200265 a 4500 | ||
|---|---|---|---|
| 003 | MX-MxUPN | ||
| 005 | 20240308063702.0 | ||
| 008 | 130516s20032009sp r 000 0 spa d | ||
| 020 | _a9788420641560 | ||
| 035 | _aUPN01000191042 | ||
| 040 |
_aMX-MxUPN _bspa _cMX-MxUPN |
||
| 041 | 1 |
_aspa _heng |
|
| 050 | 4 |
_aD13 _bF6.7 |
|
| 245 | 0 | 0 | _aFormas de hacer historia |
| 260 |
_aMadrid : _bAlianza, _c2003 (2009 impr.). |
||
| 300 | _a352 páginas | ||
| 440 | 0 |
_aAlianza ensayo ; _v229 |
|
| 534 |
_pTítulo original: _tNew perspectives on historical writing |
||
| 590 | _aBibliografía Básica (BGTQ) | ||
| 590 | _a(También localizas un ejemplar en el "Area de Reserva") | ||
| 650 | 4 |
_aHistoriografía _9920 |
|
| 700 | 1 |
_aBurke, Peter, _d1937- _933415 _eedición |
|
| 942 |
_2lcc _cLIBRO |
||
| 999 |
_c163145 _d163145 |
||